| 000 | 00498nam a2200169Ia 4500 | ||
|---|---|---|---|
| 008 | 230917s9999||||xx |||||||||||||| ||und|| | ||
| 020 | _cRS 695.00 | ||
| 040 |
_e5007160 _aMAIN |
||
| 041 | _aEnglish | ||
| 082 | _a371.9 S23I | ||
| 100 | _aSharma, Yogendra | ||
| 245 | 0 | _aInclusive education: Planing and management of curriculum | |
| 260 |
_aNew Delhi _bKanishka Publishers, Distributors _c2019 |
||
| 300 | _axi, 204 p. | ||
| 500 | _a5055 31/01/2023 KPD23/618 01/02/2023 Main Budget | ||
| 942 | _cBK | ||
| 999 |
_c8789 _d8789 |
||